Voluntary associations and the urban public life in Bengal, 1815-1876 : (Record no. 34293)
[ view plain ]
| 000 -LEADER | |
|---|---|
| fixed length control field | 00681nam a22002171a 4500 |
| 001 - CONTROL NUMBER | |
| control field | 34293 |
| 003 - CONTROL NUMBER IDENTIFIER | |
| rucl marc code | BD-RjUL |
| 005 - DATE AND TIME OF LATEST TRANSACTION | |
| control field | 20211209052133.0 |
| 008 - FIXED-LENGTH DATA ELEMENTS--GENERAL INFORMATION | |
| fixed length control field | 140515s1980 ii 000 0 eng d |
| 035 ## - SYSTEM CONTROL NUMBER | |
| System control number | (BD-RjUL)34387 |
| 040 ## - CATALOGING SOURCE | |
| Original cataloging agency | BD-RjUL |
| Language of cataloging | eng |
| Transcribing agency | BD-RjUL |
| Modifying agency | BD-RjUL |
| 041 ## - LANGUAGE CODE | |
| Language code of text/sound track or separate title | eng |
| 082 00 - DEWEY DECIMAL CLASSIFICATION NUMBER | |
| Classification number | 309.15414 |
| Author mark and year | SAV 1980 |
| 100 1# - MAIN ENTRY--PERSONAL NAME | |
| Personal name | Sanyal, Rajat. |
| 9 (RLIN) | 104261 |
| 245 10 - TITLE STATEMENT | |
| Title | Voluntary associations and the urban public life in Bengal, 1815-1876 : |
| Remainder of title | an aspect of social history / |
| Statement of responsibility, etc. | Rajat Sanyal |
| 260 ## - PUBLICATION, DISTRIBUTION, ETC. (IMPRINT) | |
| Place of publication, distribution, etc. | Calcutta : |
| Name of publisher, distributor, etc. | Riddhi-India, |
| Date of publication, distribution, etc. | 1980 |
| 300 ## - PHYSICAL DESCRIPTION | |
| Pagination | vi, 302 p. ; |
| Size | 22 cm |
| 651 #0 - SUBJECT ADDED ENTRY--GEOGRAPHIC NAME | |
| Geographic name | Bengal (India) |
| General subdivision | Social conditions |
| 9 (RLIN) | 69555 |
| 942 ## - ADDED ENTRY ELEMENTS (KOHA) | |
| Source of classification or shelving scheme | Dewey Decimal Classification |
| Koha item type | Books |
| Lost status | Source of classification or shelving scheme | Damaged status | Not for loan | Collection code | Permanent Location | Current Location | Shelving location | Date acquired | Source of acquisition | Cost, normal purchase price | Total Checkouts | Full call number | Date last seen | Copy number | Koha item type |
|---|---|---|---|---|---|---|---|---|---|---|---|---|---|---|---|
| Dewey Decimal Classification | Non-fiction | Central Library, University of Rajshahi | Central Library, University of Rajshahi | 30/07/1996 | Ankur prakashani | 60.00 | 309.15414 SAV 1980 | 15/05/2014 | C-2 | Books | |||||
| Dewey Decimal Classification | Non-fiction | Central Library, University of Rajshahi | Central Library, University of Rajshahi | 30/07/1996 | Bakkar park | 60.00 | 309.15414 SAV 1980 | 03/08/2016 | C-3 | Books |